000 00609nam a2200241Ia 4500
003 OSt
005 20221005064147.0
006 a|||||r|||| 00| 0
007 ta
008 221004b |||||||| |||| 00| 0 urd d
020 _c02.00
024 _a13339
037 _cTextual
040 _aCRL
_cCRL
_burd
041 _2urd
_aurd
082 _aO168,1N03x, K4
100 _aShafiq Jaunpuri
_9603512
245 0 _aKhirman
260 _aLucknow
_bNaseem India
_c1964
650 _aURDU POETRY
942 _hO168,1N03x, K4
_cTEXL
_2cc
999 _c972510
_d972510